[Event "22nd European Club Cup 2006"]
[Site "?"]
[Date "2006.10.14"]
[Round "7"]
[White "Fedorov, Alexei"]
[Black "Georgiev, Kiril"]
[Result "1/2-1/2"]
[WhiteElo "2617"]
[BlackElo "2680"]
[PlyCount "42"]
[EventDate "2006.10.08"]

1. e4 c5 2. Nf3 d6 3. d4 Nf6 4. Bb5+ Bd7 5. Bxd7+ Qxd7 6. dxc5 Nxe4 7. cxd6
Nxd6 8. O-O Nc6 9. Nc3 g6 10. Bf4 Bg7 11. Bxd6 Bxc3 12. bxc3 Qxd6 13. Qxd6 exd6
14. Ng5 d5 15. Rfe1+ Kf8 16. Rab1 b6 17. Red1 Rd8 18. Rb5 d4 19. c4 Kg7 20. Nf3
Rd7 21. a4 Rhd8 1/2-1/2

[Event "22nd European Club Cup 2006"]
[Site "?"]
[Date "2006.10.14"]
[Round "7"]
[White "Delchev, Aleksander"]
[Black "Azarov, Sergei"]
[Result "1/2-1/2"]
[WhiteElo "2628"]
[BlackElo "2565"]
[PlyCount "111"]
[EventDate "2006.10.08"]

1. e4 c5 2. Nf3 d6 3. d4 cxd4 4. Nxd4 Nf6 5. Nc3 g6 6. Be3 Bg7 7. f3 O-O 8. Qd2
Nc6 9. O-O-O d5 10. exd5 Nxd5 11. Nxc6 bxc6 12. Bd4 e5 13. Bc5 Be6 14. Ne4 Re8
15. h4 h6 16. g4 Qc7 17. g5 h5 18. Bc4 Red8 19. Qf2 Nf4 20. Bxe6 Nxe6 21. Bd6
Qa5 22. Kb1 Rd7 23. Rd2 Nd4 24. Rhd1 Rad8 25. Bc5 Rd5 26. Be7 R8d7 27. c4 Rxe7
28. cxd5 cxd5 29. Nf6+ Bxf6 30. gxf6 Re6 31. Rxd4 exd4 32. Qxd4 Qd8 33. Qxa7
Qxf6 34. Qa8+ Kg7 35. Qxd5 Qxh4 36. a3 Rf6 37. Qa8 Qf2 38. Rd8 Qxf3 39. Rg8+
Kh6 40. Rh8+ Kg5 41. Qxf3 Rxf3 42. Kc2 h4 43. b4 h3 44. b5 Rf2+ 45. Kb3 h2 46.
a4 Rf3+ 47. Kb2 Rf4 48. Rxh2 Rxa4 49. Kc3 Ra8 50. b6 Rb8 51. Rb2 f5 52. b7 Kg4
53. Kd2 f4 54. Rb3 f3 55. Ke1 Kg3 56. Rb5 1/2-1/2

[Event "22nd European Club Cup 2006"]
[Site "?"]
[Date "2006.10.14"]
[Round "7"]
[White "Zhigalko, Andrey"]
[Black "Kozul, Zdenko"]
[Result "1-0"]
[WhiteElo "2532"]
[BlackElo "2589"]
[PlyCount "81"]
[EventDate "2006.10.08"]

1. e4 c5 2. Nf3 Nc6 3. d4 cxd4 4. Nxd4 Qb6 5. Nb3 Nf6 6. Nc3 e6 7. a3 a6 8. Bf4
Qd8 9. e5 Qc7 10. Qe2 Ng8 11. O-O-O Nge7 12. h4 Ng6 13. Bh2 h5 14. f4 Nge7 15.
g3 Nf5 16. Bh3 g6 17. Ne4 Be7 18. Bxf5 gxf5 19. Nd6+ Bxd6 20. Rxd6 Na5 21. Nxa5
Qxa5 22. Bg1 b5 23. Bb6 Qa4 24. Rd4 b4 25. Qf3 Rb8 26. Rxb4 Bb7 27. Qxb7 Rxb7
28. Rxa4 Rxb6 29. Rd1 Rg8 30. Rd6 Rxd6 31. exd6 Rxg3 32. Rxa6 f6 33. b4 Kf7 34.
b5 e5 35. b6 Rg1+ 36. Kb2 Rg8 37. b7 Rb8 38. Rb6 exf4 39. Kc3 f3 40. Kd2 Ke6
41. a4 1-0

[Event "22nd European Club Cup 2006"]
[Site "?"]
[Date "2006.10.14"]
[Round "7"]
[White "Lutsko, Igor"]
[Black "Stanojoski, Zvonko"]
[Result "1/2-1/2"]
[WhiteElo "2489"]
[BlackElo "2488"]
[PlyCount "117"]
[EventDate "2006.10.08"]

1. d4 d5 2. c4 c6 3. Nf3 Nf6 4. e3 e6 5. Bd3 Nbd7 6. O-O Bd6 7. Nc3 O-O 8. e4
dxc4 9. Bxc4 e5 10. Bg5 Qe7 11. h3 h6 12. Be3 Rd8 13. Qc1 exd4 14. Bxd4 Ne5 15.
Bxe5 Bxe5 16. Nxe5 Qxe5 17. Rd1 Rd4 18. Rxd4 Qxd4 19. Qf1 Be6 20. Bxe6 fxe6 21.
Rd1 Qb4 22. Qe2 e5 23. Rd2 Rf8 24. Qe3 a6 25. f3 Qe7 26. Ne2 Nh5 27. a3 Kh7 28.
Rd3 Rf7 29. b4 Qe6 30. Qd2 Qe7 31. Rd6 Qc7 32. Kh2 Qb6 33. Ng3 Nxg3 34. Kxg3
Qc7 35. a4 Qe7 36. a5 Kg8 37. Rd8+ Kh7 38. Rd6 Kg8 39. Kh2 Kh7 40. Rd8 Qf6 41.
Rd6 Qe7 42. Kg1 Kg8 43. Kh1 Kh7 44. Rd8 Qe6 45. Qc3 Qe7 46. Rd3 Qg5 47. Qc4 Qe7
48. Kh2 Kg6 49. Kg1 Kh7 50. Rd1 Kg8 51. Kh2 Kh7 52. Qc5 Qg5 53. Rd3 h5 54. Qc4
h4 55. Kg1 Rf6 56. Rd8 Rxf3 57. Qg8+ Kg6 58. Qe8+ Kh7 59. Qg8+ 1/2-1/2

[Event "22nd European Club Cup 2006"]
[Site "?"]
[Date "2006.10.14"]
[Round "7"]
[White "Colovic, Aleksandar"]
[Black "Mochalov, Evgeny V"]
[Result "1/2-1/2"]
[WhiteElo "2459"]
[BlackElo "2419"]
[PlyCount "63"]
[EventDate "2006.10.08"]

1. e4 c5 2. Nf3 Nc6 3. d4 cxd4 4. Nxd4 e5 5. Nb5 d6 6. N1c3 a6 7. Na3 Be7 8.
Nc4 b5 9. Ne3 Nf6 10. g3 O-O 11. Bg2 b4 12. Ncd5 Nxd5 13. Nxd5 Bg5 14. Bxg5
Qxg5 15. a3 Bg4 16. f3 Be6 17. Nxb4 Nxb4 18. axb4 Rfb8 19. c3 a5 20. Qd2 h6 21.
Qxg5 hxg5 22. bxa5 Rxb2 23. Bf1 Rc2 24. Be2 g6 25. h4 gxh4 26. Rxh4 Rxc3 27.
Kd2 Rc5 28. a6 Bc4 29. Rhh1 Bxe2 30. Kxe2 Rc2+ 31. Ke3 Rc3+ 32. Ke2 1/2-1/2

[Event "22nd European Club Cup 2006"]
[Site "?"]
[Date "2006.10.14"]
[Round "7"]
[White "Jenni, Florian"]
[Black "Kristjansson, Stefan"]
[Result "0-1"]
[WhiteElo "2521"]
[BlackElo "2482"]
[PlyCount "104"]
[EventDate "2006.10.08"]

1. e4 c5 2. Nf3 e6 3. d4 cxd4 4. Nxd4 Nc6 5. Nc3 Qc7 6. Be2 Nf6 7. O-O a6 8.
Kh1 Nxd4 9. Qxd4 Bc5 10. Qd3 b5 11. f4 Bb7 12. Bf3 h5 13. e5 Ng4 14. Bxb7 Qxb7
15. Ne4 Rc8 16. Bd2 Be7 17. Rac1 O-O 18. Qf3 Qd5 19. h3 Nh6 20. b3 Nf5 21. Kh2
Nd4 22. Qd3 Nxc2 23. Qxd5 exd5 24. Nc3 Nb4 25. a3 d4 26. Ne4 Nc2 27. a4 bxa4
28. bxa4 Rc4 29. Rf3 Rfc8 30. Rb1 Nb4 31. a5 Nd5 32. Rb7 R4c7 33. Rfb3 f5 34.
exf6 Nxf6 35. Ng5 Rc2 36. Rd3 Bc5 37. Kg3 Kf8 38. Kf3 Ke7 39. Bb4 Rc4 40. Bd2
Kd6 41. Nf7+ Kc6 42. Rb1 d6 43. g4 hxg4+ 44. hxg4 Re8 45. Ng5 Rc2 46. Rd1 Kb5
47. Rb3+ Kc4 48. Rb7 d3 49. Rc1 Rxc1 50. Bxc1 Re1 51. Bd2 Re2 52. Rb2 Ba3 0-1

[Event "22nd European Club Cup 2006"]
[Site "?"]
[Date "2006.10.14"]
[Round "7"]
[White "Gunnarsson, Jon Viktor"]
[Black "Gruenenwald, Joerg"]
[Result "1/2-1/2"]
[WhiteElo "2414"]
[BlackElo "2354"]
[PlyCount "33"]
[EventDate "2006.10.08"]

1. e4 c5 2. Nf3 d6 3. d4 cxd4 4. Nxd4 Nf6 5. Nc3 a6 6. Be3 e5 7. Nf3 Qc7 8. a4
h6 9. Be2 Be6 10. a5 Qc6 11. Qd3 Nbd7 12. O-O Be7 13. Nd2 Rc8 14. Ra4 O-O 15.
Bf3 Nc5 16. Bxc5 Qxc5 17. Nb3 1/2-1/2

[Event "22nd European Club Cup 2006"]
[Site "?"]
[Date "2006.10.14"]
[Round "7"]
[White "Hess, Ralf"]
[Black "Bergsson, Snorri"]
[Result "1/2-1/2"]
[WhiteElo "2340"]
[BlackElo "2334"]
[PlyCount "22"]
[EventDate "2006.10.08"]

1. d4 d5 2. c4 dxc4 3. Nf3 a6 4. e3 b5 5. a4 Bb7 6. b3 e6 7. axb5 axb5 8. Rxa8
Bxa8 9. bxc4 bxc4 10. Bxc4 Nf6 11. O-O Bd6 1/2-1/2

[Event "22nd European Club Cup 2006"]
[Site "?"]
[Date "2006.10.14"]
[Round "7"]
[White "Heberla, Bartlomiej"]
[Black "Lehner, Oliver"]
[Result "0-1"]
[WhiteElo "2569"]
[BlackElo "2421"]
[PlyCount "134"]
[EventDate "2006.10.08"]

1. e4 e5 2. Bc4 Nf6 3. d3 Nc6 4. Nf3 Be7 5. O-O O-O 6. Re1 d6 7. a4 Be6 8. Nbd2
Qd7 9. c3 Rad8 10. a5 a6 11. Qb3 Qc8 12. Bxe6 fxe6 13. d4 exd4 14. cxd4 d5 15.
e5 Nd7 16. Nf1 Rxf3 17. Qxf3 Nxd4 18. Qg4 c5 19. Ra3 Rf8 20. Rd3 Rf7 21. Rxd4
cxd4 22. Qxe6 Qc2 23. Bd2 Nc5 24. Qxd5 Nd3 25. Re4 Nb4 26. Qxb7 Bh4 27. Qb8+
Rf8 28. Qxf8+ Kxf8 29. Bxb4+ Be7 30. Rxd4 Qxb2 31. Bxe7+ Kxe7 32. Re4 Qa1 33.
g4 Qxa5 34. Ne3 Ke6 35. Nf5 Qd5 36. Nd4+ Ke7 37. f3 g6 38. Kg2 a5 39. Ne2 Qd1
40. Nd4 a4 41. Nc6+ Ke8 42. Nb4 a3 43. e6 g5 44. e7 Qd2+ 45. Kg1 Qb2 46. h3 a2
47. Nxa2 Qxa2 48. Re1 Qb2 49. Re4 Qc2 50. Re1 Qb2 51. Re4 Qd2 52. Re6 Qd5 53.
Re4 Qd2 54. Re6 Qc2 55. Re1 Qc3 56. Kf2 Qd4+ 57. Kf1 Qd2 58. Re2 Qd1+ 59. Kf2
Qh1 60. Re4 Qxh3 61. Re3 Qh2+ 62. Kf1 Qg3 63. Ke2 Qg2+ 64. Kd3 Qf2 65. Kd4 Qd2+
66. Ke4 Kxe7 67. Kf5+ Qxe3 0-1

[Event "22nd European Club Cup 2006"]
[Site "?"]
[Date "2006.10.14"]
[Round "7"]
[White "Bernasek, Jan"]
[Black "Kleissl, Helmut"]
[Result "1-0"]
[WhiteElo "2470"]
[BlackElo "2320"]
[PlyCount "95"]
[EventDate "2006.10.08"]

1. d4 g6 2. c4 Bg7 3. Nf3 d6 4. g3 Nd7 5. Bg2 e5 6. Nc3 Ne7 7. O-O O-O 8. e4
exd4 9. Nxd4 Nc6 10. Nde2 a5 11. h3 Nc5 12. Be3 f5 13. exf5 Bxf5 14. Nd4 Nxd4
15. Bxd4 Bxd4 16. Qxd4 Qf6 17. Qxf6 Rxf6 18. Rfe1 Kf8 19. Nb5 Rc8 20. Re3 c6
21. Nd4 Re8 22. Rf3 Kg7 23. Rd1 Be6 24. Rc3 Bg8 25. Rc2 Kf8 26. b3 Ne6 27. Ne2
Nc5 28. Nc3 Rfe6 29. Kh2 g5 30. Rcd2 Ke7 31. Rd4 Rf8 32. R1d2 Bf7 33. h4 h6 34.
Bh3 Rf6 35. Ne4 Nxe4 36. Rxe4+ Be6 37. f4 Kd7 38. Rxe6 Rxe6 39. Re2 Rff6 40.
hxg5 hxg5 41. fxg5 Rg6 42. Bxe6+ Rxe6 43. Rxe6 Kxe6 44. Kh3 Kf5 45. Kh4 d5 46.
cxd5 cxd5 47. g6 Kxg6 48. Kg4 1-0

[Event "22nd European Club Cup 2006"]
[Site "?"]
[Date "2006.10.14"]
[Round "7"]
[White "Hoellrigl, Wilfried"]
[Black "Petr, Martin"]
[Result "0-1"]
[WhiteElo "2255"]
[BlackElo "2417"]
[PlyCount "104"]
[EventDate "2006.10.08"]

1. e4 e6 2. d4 d5 3. e5 c5 4. c3 Nc6 5. Nf3 Bd7 6. Be2 Nge7 7. Na3 cxd4 8. cxd4
Nf5 9. Nc2 Nb4 10. Ne3 Rc8 11. O-O Nxe3 12. Bxe3 Be7 13. Bd2 O-O 14. a3 Nc6 15.
b4 Qb6 16. Be3 Nb8 17. Ne1 Bb5 18. Nd3 Qd8 19. Qd2 b6 20. f4 Qd7 21. g4 f5 22.
exf6 Bxf6 23. g5 Bxd3 24. Bxd3 Be7 25. g6 h6 26. Rf3 Bh4 27. b5 Qc7 28. Bf1 Qc2
29. Qxc2 Rxc2 30. Bh3 Re8 31. a4 Nd7 32. Bf2 Nf8 33. Re1 Rc4 34. f5 Rxa4 35.
fxe6 Nxg6 36. Bg4 Ne7 37. Bh5 Rc8 38. Bf7+ Kh7 39. Rf6 gxf6 40. Bxh4 Rxd4 41.
Bxf6 Rg4+ 42. Kh1 Ng8 43. Bb2 Rc7 44. Be5 Rcc4 45. Bd6 Rce4 46. Rf1 Rg5 47. h3
d4 48. Bf8 Re3 49. Kh2 Re2+ 50. Kh1 d3 51. e7 Re3 52. Kh2 Nxe7 0-1

[Event "22nd European Club Cup 2006"]
[Site "?"]
[Date "2006.10.14"]
[Round "7"]
[White "Agrest, Evgenij"]
[Black "Prusikin, Michael"]
[Result "1-0"]
[WhiteElo "2557"]
[BlackElo "2560"]
[PlyCount "28"]
[EventDate "2006.10.08"]

1. Nf3 Nf6 2. c4 e6 3. Nc3 d5 4. d4 Bb4 5. Qa4+ Nc6 6. Bd2 O-O 7. e3 Re8 8. a3
Bxc3 9. Bxc3 Ne4 10. Qc2 Qf6 11. Rd1 Qg6 12. h4 e5 13. h5 Qh6 14. cxd5 exd4 1-0

[Event "22nd European Club Cup 2006"]
[Site "?"]
[Date "2006.10.14"]
[Round "7"]
[White "Hochstrasser, Michael"]
[Black "Berg, Emanuel"]
[Result "0-1"]
[WhiteElo "2363"]
[BlackElo "2582"]
[PlyCount "46"]
[EventDate "2006.10.08"]

1. d4 e6 2. c4 Nf6 3. Nc3 Bb4 4. e3 d5 5. a3 Be7 6. Nf3 O-O 7. b4 a5 8. b5 c5
9. bxc6 bxc6 10. Bd3 Nbd7 11. O-O dxc4 12. Bxc4 c5 13. Na4 Bb7 14. Nxc5 Nxc5
15. dxc5 Qc7 16. Bb2 Rfd8 17. Qb3 Bxf3 18. gxf3 Rab8 19. Qc3 Qxc5 20. Be2 Qh5
21. Rfe1 Bd6 22. f4 Qg6+ 23. Kf1 Ne4 0-1

[Event "22nd European Club Cup 2006"]
[Site "?"]
[Date "2006.10.14"]
[Round "7"]
[White "Zenklusen, Rico"]
[Black "Ernst, Thomas"]
[Result "1-0"]
[WhiteElo "2348"]
[BlackElo "2441"]
[PlyCount "55"]
[EventDate "2006.10.08"]

1. e4 e5 2. Nf3 Nc6 3. Bb5 Nf6 4. O-O Nxe4 5. d4 a6 6. Ba4 b5 7. Bb3 d5 8. dxe5
Be6 9. Nbd2 Nc5 10. c3 d4 11. Bxe6 Nxe6 12. cxd4 Ncxd4 13. a4 Bc5 14. Nb3 Nxb3
15. Qxb3 c6 16. Be3 O-O 17. Bxc5 Nxc5 18. Qc2 Nxa4 19. b3 Nb6 20. Qxc6 Qb8 21.
Rfd1 Ra7 22. h3 h6 23. e6 fxe6 24. Qxe6+ Kh8 25. Rd4 a5 26. Nh4 Rf6 27. Qe4 Qa8
28. Qd3 1-0

[Event "22nd European Club Cup 2006"]
[Site "?"]
[Date "2006.10.14"]
[Round "7"]
[White "Lindberg, Bosse"]
[Black "Maeser, Fabian"]
[Result "0-1"]
[WhiteElo "2392"]
[BlackElo "2289"]
[PlyCount "72"]
[EventDate "2006.10.08"]

1. d4 d5 2. Nf3 Nf6 3. c4 c6 4. Nc3 dxc4 5. a4 Na6 6. e3 Bg4 7. Bxc4 e6 8. O-O
Nb4 9. Qe2 Be7 10. Rd1 O-O 11. a5 Qc7 12. e4 Nd7 13. Be3 Rfd8 14. Bb3 Bh5 15.
Rdc1 e5 16. Qc4 Qd6 17. Nxe5 Nxe5 18. dxe5 Qxe5 19. f4 Qf6 20. Rf1 Nd3 21. Rab1
Kh8 22. h3 Qh4 23. Kh2 Bg4 24. Qxf7 Rf8 25. Qc4 Rad8 26. e5 Bf5 27. Bxa7 Nb4
28. Ne4 Rd3 29. Nf2 Qg3+ 30. Kh1 Rxb3 31. Rbd1 Rxb2 32. Bc5 Rc2 33. Qxb4 Bxc5
34. Qxb7 Bxf2 35. Qe7 Bc5 36. Qg5 Qxh3+ 0-1

[Event "22nd European Club Cup 2006"]
[Site "?"]
[Date "2006.10.14"]
[Round "7"]
[White "Gaehler, Marco"]
[Black "Couso, Luis"]
[Result "0-1"]
[WhiteElo "2206"]
[BlackElo "2294"]
[PlyCount "78"]
[EventDate "2006.10.08"]

1. e4 e6 2. d4 d5 3. e5 c5 4. c3 Qb6 5. Nf3 Bd7 6. Na3 cxd4 7. cxd4 Nc6 8. Nc2
Rc8 9. Bd3 Nb4 10. Nxb4 Bxb4+ 11. Bd2 Bxd2+ 12. Qxd2 Bb5 13. O-O Bxd3 14. Qxd3
Ne7 15. Rfd1 h6 16. Rd2 Qb4 17. h4 h5 18. Kh2 Nf5 19. Rad1 Qa4 20. Qe2 a6 21.
a3 g6 22. Kh3 Qc4 23. Rd3 O-O 24. R1d2 Qc1 25. Nh2 Kg7 26. Nf1 Qb1 27. Rd1 Rc2
28. Qxh5 Qxb2 29. Qg5 Rxf2 30. Ne3 Nxe3 31. Rxe3 Rh8 32. Rdd3 Rh5 33. Qg4 Qc1
34. Kh2 Qf1 35. Rg3 Kf8 36. Rc3 Rf4 37. Rgf3 Rxh4+ 38. Qxh4 Rxh4+ 39. Kg3 Qe1+
0-1

[Event "22nd European Club Cup 2006"]
[Site "?"]
[Date "2006.10.14"]
[Round "7"]
[White "Arkell, Keith C"]
[Black "Kveinys, Aloyzas"]
[Result "1/2-1/2"]
[WhiteElo "2479"]
[BlackElo "2540"]
[PlyCount "22"]
[EventDate "2006.10.08"]

1. d4 Nf6 2. Nf3 e6 3. c4 d5 4. Nc3 Be7 5. cxd5 exd5 6. Bg5 c6 7. Qc2 Na6 8. a3
Nc7 9. e3 Ne6 10. Bh4 g6 11. Bd3 Ng7 1/2-1/2

[Event "22nd European Club Cup 2006"]
[Site "?"]
[Date "2006.10.14"]
[Round "7"]
[White "Greet, Andrew"]
[Black "Grabliauskas, Virginijus"]
[Result "1/2-1/2"]
[WhiteElo "2439"]
[BlackElo "2419"]
[PlyCount "75"]
[EventDate "2006.10.08"]

1. e4 c5 2. Nf3 e6 3. c3 d5 4. exd5 Qxd5 5. d4 Nf6 6. Be3 cxd4 7. cxd4 Nc6 8.
Nc3 Qd6 9. a3 Be7 10. Bd3 O-O 11. O-O b6 12. Qe2 Bb7 13. Rad1 Rad8 14. Rfe1 Nd5
15. Qc2 g6 16. Nxd5 exd5 17. Qd2 Bf6 18. Bf4 Qd7 19. Bb5 Qf5 20. h3 a6 21. Bxc6
Bxc6 22. Bc7 Rde8 23. Rxe8 Rxe8 24. Bxb6 h5 25. Qd3 Qxd3 26. Rxd3 Re2 27. Bc7
Rxb2 28. Rc3 Bb7 29. Bd6 Bd8 30. Re3 Bc6 31. Ne5 Ba4 32. Rc3 Rc2 33. Rxc2 Bxc2
34. Nc6 Bf6 35. Be5 Ba4 36. Bxf6 Bxc6 37. Kf1 Bb5+ 38. Ke1 1/2-1/2

[Event "22nd European Club Cup 2006"]
[Site "?"]
[Date "2006.10.14"]
[Round "7"]
[White "Sarakauskas, Gediminas"]
[Black "Houska, Jovanka"]
[Result "1/2-1/2"]
[WhiteElo "2438"]
[BlackElo "2364"]
[PlyCount "156"]
[EventDate "2006.10.08"]

1. d4 d5 2. c4 c6 3. Nf3 Nf6 4. Nc3 e6 5. Bg5 h6 6. Bh4 Be7 7. e3 O-O 8. Bd3
Nbd7 9. cxd5 exd5 10. O-O Re8 11. Qc2 Ne4 12. Bxe4 Bxh4 13. Bh7+ Kh8 14. Bd3
Be7 15. Rab1 Bd6 16. b4 a6 17. a4 Nb6 18. b5 axb5 19. axb5 Bg4 20. Nd2 c5 21.
dxc5 Bxc5 22. Bf5 Bxf5 23. Qxf5 Rc8 24. Nf3 Bd6 25. Rb3 Kg8 26. Rd1 Rc5 27. Qd3
Be7 28. Ne2 Bf6 29. Nf4 Qe7 30. h3 Rec8 31. Nh5 g6 32. Nf4 Bg7 33. Nd4 Qe4 34.
Nfe2 Bxd4 35. Qxe4 dxe4 36. Rxd4 Rd5 37. Rbb4 Rc2 38. Nf4 Rxd4 39. Rxd4 Rc5 40.
Rd8+ Kg7 41. Rb8 Rxb5 42. Rxb7 Kf8 43. g4 Rb4 44. Ne2 Kg7 45. Nc3 Rc4 46. Nxe4
Rxe4 47. Rxb6 Re5 48. Kg2 h5 49. Kg3 hxg4 50. hxg4 g5 51. Kf3 Ra5 52. Rb4 Ra2
53. Rb5 Kg6 54. Rf5 f6 55. Rb5 Ra6 56. Kg3 Re6 57. Ra5 Rb6 58. f4 gxf4+ 59.
exf4 Rb3+ 60. Kh4 Rb6 61. Ra1 Rc6 62. Re1 Rc7 63. Re6 Kg7 64. Kh5 Rc5+ 65. f5
Rc7 66. Ra6 Rb7 67. g5 fxg5 68. Kxg5 Kf7 69. Rh6 Rb1 70. Rh7+ Kg8 71. Re7 Rb6
72. Re6 Rb7 73. Rh6 Kg7 74. f6+ Kg8 75. Kg6 Rg7+ 76. Kf5 Ra7 77. Rh1 Ra2 78.
Rg1+ Kf7 1/2-1/2

[Event "22nd European Club Cup 2006"]
[Site "?"]
[Date "2006.10.14"]
[Round "7"]
[White "Lindner, Daniel"]
[Black "Novikov, Vitalij"]
[Result "0-1"]
[WhiteElo "2271"]
[BlackElo "2328"]
[PlyCount "142"]
[EventDate "2006.10.08"]

1. e4 e6 2. d4 d5 3. Nc3 Bb4 4. e5 b6 5. a3 Bf8 6. Nf3 Qd7 7. Be2 Ba6 8. Bxa6
Nxa6 9. O-O Nb8 10. Be3 Ne7 11. g4 h5 12. h3 Nbc6 13. Qd3 f6 14. Bf4 hxg4 15.
hxg4 f5 16. g5 Ng6 17. Ne2 Be7 18. Kg2 O-O-O 19. Rh1 Kb7 20. b4 Rde8 21. Bd2
Qd8 22. b5 Nb8 23. a4 Rxh1 24. Rxh1 Rh8 25. c4 Rxh1 26. Kxh1 dxc4 27. Qxc4 Qd7
28. Kg2 c6 29. Nc3 a6 30. Kg3 axb5 31. axb5 cxb5 32. Nxb5 Nc6 33. Bc1 Na5 34.
Qd3 Qc6 35. Ba3 Qc4 36. Ne1 Bxa3 37. Nxa3 Qc1 38. Nf3 Qf4+ 39. Kg2 Qg4+ 40. Kf1
Nf4 41. Qd1 Qg2+ 42. Ke1 Nh3 43. Qe2 Nxg5 44. Nxg5 Qxg5 45. Kd1 Qf4 46. Nb5 Nc6
47. Qb2 Qf3+ 48. Ke1 Qd3 49. Nd6+ Kc7 50. Qa1 Qf3 51. Qa8 Nxe5 52. Nb5+ Kd7 53.
Qa7+ Kc6 54. Qc7+ Kxb5 55. Qxe5+ Qd5 56. Qxg7 Kc4 57. Qc7+ Kd3 58. Qg3+ Kc2 59.
Qc7+ Kd3 60. Qg3+ Kc4 61. Qc7+ Kb5 62. Qc3 Qc4 63. Qe3 Kb4 64. Kd2 b5 65. Qe5
Qd5 66. Qe3 Qa2+ 67. Ke1 Qb1+ 68. Ke2 Qe4 69. Qxe4 fxe4 70. Ke3 Kc4 71. Kxe4 b4
0-1

[Event "22nd European Club Cup 2006"]
[Site "?"]
[Date "2006.10.14"]
[Round "7"]
[White "Dambrauskas, Virginijus"]
[Black "Hogarth, Mark"]
[Result "1-0"]
[WhiteElo "2331"]
[BlackElo "1921"]
[PlyCount "47"]
[EventDate "2006.10.08"]

1. d4 c5 2. Nf3 cxd4 3. Nxd4 e5 4. Nb5 Be7 5. c4 Nc6 6. N1c3 a6 7. Nd6+ Bxd6 8.
Qxd6 Qf6 9. Qd1 Nge7 10. g3 d6 11. Bg2 Bf5 12. O-O O-O 13. b3 Rfd8 14. Bb2 Qg6
15. Qd2 Rab8 16. Rac1 h5 17. h4 Kh7 18. Rfd1 Nd4 19. Nd5 Ndc6 20. Ba3 Nxd5 21.
cxd5 Nd4 22. Bb2 Nc2 23. e4 Bxe4 24. Bxe4 1-0

[Event "22nd European Club Cup 2006"]
[Site "?"]
[Date "2006.10.14"]
[Round "7"]
[White "Stefansson, Hannes"]
[Black "Sprenger, Jan Michael"]
[Result "1/2-1/2"]
[WhiteElo "2551"]
[BlackElo "2525"]
[PlyCount "169"]
[EventDate "2006.10.08"]

1. d4 d5 2. c4 dxc4 3. Nf3 Nf6 4. e3 e6 5. Bxc4 c5 6. O-O Nc6 7. Nc3 cxd4 8.
exd4 Be7 9. Bg5 O-O 10. Rc1 b6 11. a3 Bb7 12. Qd2 Na5 13. Ba2 Bxf3 14. gxf3 Nc6
15. Be3 Rc8 16. Rfd1 Nd5 17. Nxd5 exd5 18. Rc3 Bd6 19. Rdc1 Ne7 20. Rxc8 Nxc8
21. Bf4 Ne7 22. Bg3 Qd7 23. Qe2 Ng6 24. Qc2 Qh3 25. f4 Bxf4 26. Re1 Qd7 27. Qb3
Rd8 28. Qf3 Bxg3 29. hxg3 Ne7 30. Re5 Qd6 31. Kg2 g6 32. Qe2 Rd7 33. Bb3 Kg7
34. Ba2 Qf6 35. Qb5 Nc6 36. Rxd5 Rxd5 37. Bxd5 Nxd4 38. Qd7 a5 39. Bxf7 Qf3+
40. Kh3 Qh1+ 41. Kg4 h5+ 42. Kf4 Qf3+ 43. Ke5 Nc6+ 44. Kd6 Qxf7 45. Qxf7+ Kxf7
46. Kxc6 g5 47. Kd5 Kf6 48. Ke4 a4 49. f4 Kg6 50. Ke5 h4 51. gxh4 gxh4 52. Ke6
h3 53. f5+ Kg7 54. Ke7 h2 55. f6+ Kg6 56. f7 h1=Q 57. f8=Q Qe4+ 58. Kd7 Qg4+
59. Kc7 Qc4+ 60. Kb8 b5 61. Qf2 Qc6 62. Ka7 Kh5 63. Qb6 Qc4 64. Ka6 Qc2 65.
Qxb5+ Kh4 66. Ka5 Kh3 67. Qe5 Kg2 68. Qc3 Qd1 69. Qc6+ Kg1 70. Qc3 Kh1 71. Kb4
Kg1 72. b3 axb3 73. a4 b2 74. Qxb2 Qd6+ 75. Ka5 Qc5+ 76. Ka6 Qc8+ 77. Qb7 Qc4+
78. Qb5 Qc8+ 79. Kb6 Qb8+ 80. Ka5 Qa7+ 81. Kb4 Qd4+ 82. Qc4 Qb6+ 83. Kc3 Qe3+
84. Kb2 Qd2+ 85. Kb1 {rest illegible} 1/2-1/2

[Event "22nd European Club Cup 2006"]
[Site "?"]
[Date "2006.10.14"]
[Round "7"]
[White "Likavsky, Tomas"]
[Black "Thorfinnsson, Bragi"]
[Result "1/2-1/2"]
[WhiteElo "2480"]
[BlackElo "2387"]
[PlyCount "67"]
[EventDate "2006.10.08"]

1. d4 Nf6 2. c4 e6 3. Nc3 Bb4 4. Qc2 O-O 5. a3 Bxc3+ 6. Qxc3 b6 7. Bg5 Bb7 8.
e3 d6 9. f3 Nbd7 10. Nh3 c5 11. dxc5 bxc5 12. Bd3 Qb6 13. O-O a5 14. Rfd1 Rfe8
15. Rd2 Rac8 16. Rad1 d5 17. Bb1 Ba6 18. Ba2 d4 19. exd4 cxd4 20. Qxd4 Bxc4 21.
b3 Bd5 22. Qxb6 Nxb6 23. Be3 Rc6 24. Nf4 Rb8 25. b4 axb4 26. axb4 Nc4 27. Nxd5
Nxd5 28. Bf4 Rxb4 29. Rc2 Na5 30. Rxc6 Nxc6 31. Bd6 Rb2 32. Bxd5 exd5 33. Rxd5
h6 34. Rd1 1/2-1/2

[Event "22nd European Club Cup 2006"]
[Site "?"]
[Date "2006.10.14"]
[Round "7"]
[White "Volkmann, Friedrich"]
[Black "Bjornsson, Sigurbjorn"]
[Result "1-0"]
[WhiteElo "2416"]
[BlackElo "2335"]
[PlyCount "57"]
[EventDate "2006.10.08"]

1. e4 e5 2. Nf3 Nc6 3. Nc3 Nf6 4. Bb5 d6 5. d4 exd4 6. Nxd4 Bd7 7. O-O Be7 8.
b3 O-O 9. Bb2 Re8 10. Re1 Bf8 11. h3 g6 12. Nxc6 bxc6 13. Bc4 Bg7 14. Qf3 Be6
15. e5 dxe5 16. Rad1 Qb8 17. Qxc6 Qb6 18. Bb5 Red8 19. Na4 Qb8 20. Rxd8+ Qxd8
21. Bxe5 Nd5 22. Bxg7 Kxg7 23. Rd1 Rb8 24. Nc3 Ne7 25. Qc5 Qf8 26. Qe5+ Kg8 27.
Ne4 c6 28. Nf6+ Kh8 29. Nd7+ 1-0

[Event "22nd European Club Cup 2006"]
[Site "?"]
[Date "2006.10.14"]
[Round "7"]
[White "Shengelia, Davit"]
[Black "Polzin, Rainer"]
[Result "1-0"]
[WhiteElo "2504"]
[BlackElo "2480"]
[PlyCount "87"]
[EventDate "2006.10.08"]

1. e4 c5 2. b3 b6 3. Nc3 Bb7 4. Bc4 e6 5. Nf3 a6 6. O-O b5 7. Bd3 d6 8. a4 b4
9. Ne2 Nf6 10. Ng3 Nbd7 11. Bb2 Be7 12. Re1 Qc7 13. e5 dxe5 14. Nxe5 Nxe5 15.
Bxe5 Qc6 16. Ne4 O-O-O 17. Qf3 Rd7 18. h3 Ne8 19. Rac1 f5 20. Ng3 Qxf3 21. gxf3
Rxd3 22. cxd3 Kd7 23. d4 cxd4 24. Rc4 a5 25. Rxd4+ Nd6 26. Nh5 Bd5 27. Rd3 Bg5
28. Nxg7 Rg8 29. Kh2 Bf4+ 30. Bxf4 Rxg7 31. Rc1 Rg8 32. Rc5 Ra8 33. Rcxd5 exd5
34. Rxd5 Ra6 35. Kg3 Ke6 36. Rxd6+ Rxd6 37. Bxd6 Kxd6 38. Kf4 Ke6 39. Ke3 Ke5
40. f4+ Kd5 41. d4 Kd6 42. Kd3 Kd5 43. h4 h5 44. f3 1-0

[Event "22nd European Club Cup 2006"]
[Site "?"]
[Date "2006.10.14"]
[Round "7"]
[White "Thiede, Lars"]
[Black "Wittmann, Walter"]
[Result "1-0"]
[WhiteElo "2504"]
[BlackElo "2333"]
[PlyCount "71"]
[EventDate "2006.10.08"]

1. g3 c5 2. Bg2 g6 3. c4 Bg7 4. Nc3 Nc6 5. b3 d6 6. Bb2 e5 7. e3 Nge7 8. Nge2
Bf5 9. O-O Qd7 10. Ne4 O-O-O 11. a3 Kc7 12. N2c3 a6 13. b4 Bh3 14. bxc5 dxc5
15. Nxc5 Qc8 16. Rc1 Bxg2 17. Kxg2 h5 18. Qf3 h4 19. g4 Kb6 20. N5a4+ Ka7 21.
d4 exd4 22. Nd5 f5 23. h3 fxg4 24. hxg4 Qe6 25. Nc5 Qd6 26. Ne4 Qd7 27. Nc5 Qd6
28. exd4 Rhf8 29. Qe4 Nxd5 30. cxd5 Rf4 31. Nxb7 Kxb7 32. dxc6+ Ka7 33. Qe2 h3+
34. Kh1 Bxd4 35. f3 Ka8 36. Qxa6+ 1-0

[Event "22nd European Club Cup 2006"]
[Site "?"]
[Date "2006.10.14"]
[Round "7"]
[White "Arwanitakis, Michael"]
[Black "Borriss, Martin"]
[Result "0-1"]
[WhiteElo "2265"]
[BlackElo "2455"]
[PlyCount "62"]
[EventDate "2006.10.08"]

1. g3 g6 2. Bg2 Bg7 3. c4 e5 4. Nc3 f5 5. e3 Nf6 6. d3 O-O 7. Nge2 c6 8. O-O
Kh8 9. f4 d6 10. Rb1 a5 11. Kh1 Be6 12. a3 Bg8 13. b3 Nbd7 14. e4 fxe4 15. dxe4
exf4 16. Bxf4 Ne5 17. c5 Ne8 18. b4 Qe7 19. Na4 axb4 20. axb4 dxc5 21. bxc5 Ba2
22. Rb4 b5 23. Qc2 Bc4 24. Nb6 Bd3 25. Qd2 Rd8 26. Bg5 Rxf1+ 27. Bxf1 Nf6 28.
Qe3 Neg4 29. Qf4 Qxc5 30. Qc7 Rf8 31. Nf4 Qf2 0-1